Wireless hacks : tips and tools for building, extending and securing your network (Record no. 180631)

MARC details
000 -LEADER
fixed length control field 00575nam a2200181Ia 4500
005 - DATE AND TIME OF LATEST TRANSACTION
control field 20250225115100.0
008 - FIXED-LENGTH DATA ELEMENTS--GENERAL INFORMATION
fixed length control field 231217s9999 xx 000 0 und d
020 ## - INTERNATIONAL STANDARD BOOK NUMBER
International Standard Book Number 9788184043020
082 ## - DEWEY DECIMAL CLASSIFICATION NUMBER
Classification number 001.64404 FLI2;1 R
100 ## - MAIN ENTRY--PERSONAL NAME
Personal name Flickenger, Rob. Weeks, Roger
245 #0 - TITLE STATEMENT
Title Wireless hacks : tips and tools for building, extending and securing your network
250 ## - EDITION STATEMENT
Edition statement 2nd ed.
260 ## - PUBLICATION, DISTRIBUTION, ETC. (IMPRINT)
Date of publication, distribution, etc. 2006
Name of publisher, distributor, etc. Shroff
Place of publication, distribution, etc. Mumbai
300 ## - PHYSICAL DESCRIPTION
Extent xxii+440
500 ## - GENERAL NOTE
General note Content page available
650 ## - SUBJECT ADDED ENTRY--TOPICAL TERM
Topical term or geographic name as entry element Wireless,hacks,:,tips,tools,building,,extending,securing,network
942 ## - ADDED ENTRY ELEMENTS (KOHA)
Koha item type Books
Holdings
Date last seen Total Checkouts Full call number Accession number Old discount Uniform Resource Identifier Cost, replacement price Price effective from Category Lost status Damaged status Department Withdrawn status bill no. bill date Permanent Location Current Location Shelving location Entry date Vendor Cost, normal purchase price Grants Currency symbol Conversion rate Discount Discount type
26/01/2024   001.64404 FLI2;1 R 49092 25 digital/contents/49092.pdf 318.75 26/01/2024 Books     Central Library   47325 09/03/2009 Central Library Central Library Central Library 20/05/2008 Book Paradise 425.00 MCA RS 1 106.25 Rupees
26/01/2024   001.64404 FLI2;2 R1 49093 25 digital/contents/49092.pdf 318.75 26/01/2024 Books     Central Library   47325 09/03/2009 Central Library Central Library Central Library 20/05/2008 Book Paradise 425.00 MCA RS 1 106.25 Rupees

© For any Suggestions or Query, please contact the library staff @ librarian@pes.edu or Phone: +9180 2672 1983/ 2108.